| 000 | 00432nam a2200169Ia 4500 | ||
|---|---|---|---|
| 008 | 230711s9999||||xx |||||||||||||| ||und|| | ||
| 020 | _a978-81-89738-72-3 | ||
| 041 | _aENG | ||
| 082 |
_a720 _bME-R |
||
| 100 | _aMehta,Jaimini | ||
| 245 | 0 | _aRethinking modernity : towords post rational Architecture | |
| 250 | _a1st . Ed. | ||
| 260 |
_c2011 _aNew Delhi _bNiyogi Books |
||
| 300 | _a155p. | ||
| 650 | _aArchitecture | ||
| 942 | _cBK | ||
| 999 |
_c5850 _d5850 |
||